K voprosu o poâvlenii sverhkratkih labial'nyh glasnyh v marijskih dialektah

Elmentve itt :
Bibliográfiai részletek
Szerző: Agyagási Klára
Dokumentumtípus: Cikk
Megjelent: University of Turku Turku 2002
Sorozat:Volgan alueen kielikontaktit = Âzykovye kontakty Povolž'â
Kulcsszavak:Cseremisz nyelvjárás
Tárgyszavak:
Online Access:http://misc.bibl.u-szeged.hu/55697
LEADER 00800nab a2200217 i 4500
001 misc55697
005 20230220152010.0
008 200505s2002 hu o 0|| rus d
020 |a 951 29 2415 3 
040 |a SZTE Miscellanea Repozitórium  |b hun 
041 |a rus 
100 1 |a Agyagási Klára 
245 1 0 |a K voprosu o poâvlenii sverhkratkih labial'nyh glasnyh v marijskih dialektah  |h [elektronikus dokumentum] /  |c  Agyagási Klára 
260 |a University of Turku  |b Turku  |c 2002 
300 |a 70-86 
490 0 |a Volgan alueen kielikontaktit = Âzykovye kontakty Povolž'â 
561 |a Németh Gyula hagyaték 
650 4 |a Bölcsészettudományok 
650 4 |a Nyelvek és irodalom 
695 |a Cseremisz nyelvjárás 
856 4 0 |u http://misc.bibl.u-szeged.hu/55697/1/058_oa_a28.pdf  |z Dokumentum-elérés